000 00706nam a2200241Ia 4500
003 OSt
005 20220918183605.0
006 a|||||r|||| 00| 0
007 ta
008 220917b |||||||| |||| 00| 0 eng d
024 _a39,187
037 _cTextual
040 _aARTS
_cARTS
_beng
041 _2eng
_aeng
082 _aO15v2:L6, K2.1 (TTPS)-;2 (TTPS)
100 _aDasgupta S N
245 0 _aHistory of Sanskrit literature
_b classical period
260 _aCalcutta
_bUniversity of Calcutta India
_c1962
300 _a833p.
_ccm.
650 _aENGLISH LITERATURE
942 _hO15v2:L6, K2.1 (TTPS)-;2 (TTPS)
_cTEXL
_2CC
999 _c173174
_d173174